AZ MTA Pedagógiai Bizottsága ... 1963. december 16-án tartott ülésén...

Elmentve itt :
Bibliográfiai részletek
Dokumentumtípus: Cikk
Megjelent: 1964
Sorozat:Magyar pedagógia : a Magyar Tudományos Akadémia Pedagógiai Bizottságának folyóirata 64 No. 1
Kulcsszavak:Ülés jegyzőkönyve, Pedagógiai szakirodalom 1964
Online Access:http://misc.bibl.u-szeged.hu/11975
LEADER 00683nab a2200169 i 4500
001 misc11975
005 20191106141636.0
008 170607s1964 hu o 0|| hun d
022 |a 0025-0260 
040 |a SZTE Miscellanea Repozitórium  |b hun 
041 |a hun 
245 0 3 |a AZ MTA Pedagógiai Bizottsága   |h [elektronikus dokumentum] :  |b ... 1963. december 16-án tartott ülésén... 
260 |c 1964 
300 |a 115-116 
490 0 |a Magyar pedagógia : a Magyar Tudományos Akadémia Pedagógiai Bizottságának folyóirata  |v 64 No. 1 
695 |a Ülés jegyzőkönyve, Pedagógiai szakirodalom 1964 
856 4 0 |u http://misc.bibl.u-szeged.hu/11975/1/mp_1964_001_115-116.pdf  |z Dokumentum-elérés